000 00734cam a22002534a 4500
008
020 _a0072982772 (pbk.)
049 _aMAIN
090 _aLB2395
_bLAN
100 1 _aLangan, John.
245 1 0 _aReading and study skills /
_cJohn Langan.
250 _a8th ed.
260 _aBoston, Mass. :
_bMcGraw-Hill,
_cc2007.
300 _axvi, 640 p. :
_bill. ;
_c24 cm +CD ROM.
504 _aIncludes bibliographical references.
500 _aIncludes index.
650 0 _aStudy skills.
650 0 _aReading (Higher education)
_zUnited States.
907 _a.b10293279
_b21-05-12
_c15-03-11
003
005 20230123125200.0
040 _cNUST
942 _cBOOKS
_kLB2395
_mLAN
999 _c137113
_d137113